000 00809nas a2200265 4500
001 BR7801675
003 BR-BrBNA
005 20231205083406.0
007 ta
008 230509b bl.|||p| |||| 00| 00por d
040 _aBR-BrBNA
_bpor
_cBiblioteca Nacional de Agricultura
041 _a(Pt)
072 _aE50; E15
100 1 _aMarson, R.
245 1 _aA empresa, o empreiteiro, o boia-fria [Sociologia rural; Trabalhador rural; Microeconomia; Brasil]
650 _aSociologia rural
650 _aMicroeconomia
650 _aTrabalhador rural
650 _aEmpresa rural
650 _aParceria
650 _aMao-de-obra
773 0 _tRevista dos Criadores (Brazil)
_xISSN 0034-9259
_g(Apr 1977), v. 47(567) p. 45-48
_wBR7801675
909 _a202311
_bLúcia
_c55
_dLúcia Elande
942 _2AGRIS
_n0
_cANA
999 _c98432
_d98432